000 00378nam a2200145Ia 4500
008 230917s9999||||xx |||||||||||||| ||und||
040 _e38204
_aMAIN
041 _aEnglish
082 _a658.3 S98H
100 _aSaxena, Anjila, ed
245 0 _aHuman resource management: in the new economic environment
260 _aJaipur
_bNational
_c1996
300 _a195 p.
942 _cBK
999 _c95426
_d95426